Zazie en chansons # 11 - Statistiques

Statistiques générales
  • Ce quiz a été pris 310 fois
  • Le résultat moyen est 8 sur 18
Statistiques - réponses
Paroles Chansons % Correct
Je suis un singe ou un poisson Sur la Terre, en toute saison Moi, je tourne en rond, je tourne en rond Je suis un homme
88%
Du calme à la vie comme à la scène Sans amour et sans haine Zen
84%
Je vends mon auto puisque je roule trop vite Et que ça me fait peur Rue de la paix
80%
( Duo ) Je plie sous le poids Plie sous le poids De cette moitié de femme Qu'il veut que je sois A ma place
63%
Mets-toi tout nu, si t'es un homme Histoire de voir où nous en sommes Un point c'est toi
61%
Le réveil, tous les matins c'est pareil Je ne l'entends pas C'est comme ça Larsen
58%
Toi quand tu me serres très fort C'est comme un trésor Et ça, et ça vaut de l'or J'envoie valser
57%
T'es tombé dans le piège Cow-boy, par le siège, T'as misé sur le mauvais cheval Rodéo
55%
Réveille-toi, fais pas le mort L'univers s'arrête pas Parce qu'on n'a plus voulu de toi Speed
48%
Michel, Marie, Djamel, Johnny, Victor, Igor, Mounia, Nastassia Tout le monde
42%
Ils ont commis le péché originel Ils n'auront pas d'héritiers Mais quel amour est idéal? Qui est normal? Adam et Yves
32%
Chaque fois mon train qui déraille Je ne suis pas de taille Des rails
31%
Mais qui est là? Le loup qui te mangeras! Toc toc toc
27%
( Duo ) C'est toi contre moi On s'y retrouve On s'y perd C'est toi contre moi Les meilleurs ennemis
25%
Il faudrait faire L'amour et la poussière Pour que tu plonges Homme Sweet Homme
24%
Mon bébé l'amour faut l'faire avec un cœur à moitié Sucré salé
20%
Moi je roule Et je file Dans une auto Sans mobile Pas la mienne Pas la peine D'en faire un plat Tous des anges
16%
Chaque fois qu'on se lâche Un jour on se retient Comme quoi on ferait mieux de prendre La vie comme elle vient Ça fait mal et ça fait rien
13%
Aucun quiz correspondant
Distribution des résultats
% des personnes avec chaque résultat
Percentile par nombre de réponses
Votre historique - résultats
Vous n’avez pas pris ce quiz